Faculty of Law Library — Cairo University

Official Online Catalog

The Testamentary Executor in England And Elsewhere / (Record no. 59511)

MARC details
000 -LEADER
fixed length control field 00967nam a2200289 i 4500
003 - CONTROL NUMBER IDENTIFIER
control field EG-GICUC
005 - DATE AND TIME OF LATEST TRANSACTION
control field 20260126182518.0
008 - FIXED-LENGTH DATA ELEMENTS--GENERAL INFORMATION
fixed length control field 260126s1901 -uk||||fr|||| 00| 0 eng d
040 ## - CATALOGING SOURCE
Original cataloging agency EG-GiCUC
Language of cataloging eng
Transcribing agency EG-GiCUC
Modifying agency EG-GiCUC
Description conventions rda
041 0# - LANGUAGE CODE
Language code of text/sound track or separate title eng
082 04 - DEWEY DECIMAL CLASSIFICATION NUMBER
Edition number 21
Classification number 341.8
Item number GO . T
092 04 - LOCALLY ASSIGNED DEWEY CALL NUMBER (OCLC)
Edition number 21
099 ## - LOCAL FREE-TEXT CALL NUMBER (OCLC)
Classification number Law1 11 341.8 GO . T 1901
100 1# - MAIN ENTRY--PERSONAL NAME
Personal name Goffin, R. J. R
Relator term Author.
245 01 - TITLE STATEMENT
Title The Testamentary Executor in England And Elsewhere /
Statement of responsibility, etc. By R. J. R. Goffin, M.a., Ll.m.
264 #1 - PRODUCTION, PUBLICATION, DISTRIBUTION, MANUFACTURE, AND COPYRIGHT NOTICE
Place of production, publication, distribution, manufacture London :
Name of producer, publisher, distributor, manufacturer C. J. Clay And Sons Cambridge University Press Warehouse,
Date of production, publication, distribution, manufacture, or copyright notice 1901.
300 ## - PHYSICAL DESCRIPTION
Extent 136 pages,
Dimensions 24 cm
336 ## - CONTENT TYPE
Source rda content
Content type term text
337 ## - MEDIA TYPE
Source rda media
Media type term Computer
338 ## - CARRIER TYPE
Source rda carrier
Carrier type term Online Resource
500 ## - GENERAL NOTE
General note (Being The Yorke Prize Essay For The Year)<br/>
546 ## - LANGUAGE NOTE
Language note Text in English
650 14 - SUBJECT ADDED ENTRY--TOPICAL TERM
Topical term or geographic name entry element Private international law
856 40 - ELECTRONIC LOCATION AND ACCESS
Uniform Resource Identifier <a href="https://fll.law.cu.edu.eg/fulltext/bks/B12-02236.pdf">https://fll.law.cu.edu.eg/fulltext/bks/B12-02236.pdf</a>
905 ## - Cataloger and Reviser Names
Cataloger Name: Basma Mohamed
942 ## - ADDED ENTRY ELEMENTS (KOHA)
Source of classification or shelving scheme Dewey Decimal Classification
Koha item type Books
Edition 21
Suppress in OPAC No
Holdings
Withdrawn status Lost status Source of classification or shelving scheme Damaged status Not for loan Collection Home library Current library Date acquired Total checkouts Full call number Barcode Date last seen Copy number Price effective from Koha item type
    Dewey Decimal Classification   Not for loan القانون الدولي الخاص جــــامعة القــاهرة مكتبة كلية الحقوق - المبنى الرئيسي 26.01.2026   Law1 11 341.8 GO . T 1901 1202236 C1 B12-02236 26.01.2026 1 26.01.2026 Books

© All rights reserved — Faculty of Law, Cairo University